Pays non-enclavé non-membre de l'OHI - Statistiques

Statistiques générales
  • Ce quiz a été pris 18 fois
    10 depuis la dernière actualisation
  • Le résultat moyen est 38 sur 48
Statistiques - réponses
Hint Réponse % Correct
Amérique Belize
100%
Afrique Benin
100%
Europe Bosnie-Herzégovine
100%
Afrique Djibouti
100%
Afrique Erythrée
100%
Amérique Honduras
100%
Asie Israël
100%
Afrique Libye
100%
Europe Lituanie
100%
Afrique Namibie
100%
Océanie Nauru
100%
Amérique Nicaragua
100%
Océanie Palaos
100%
Amérique Panama
100%
Afrique République du Congo
100%
Amérique Salvador
100%
Afrique Somalie
100%
Afrique Soudan
100%
Afrique Tanzanie
100%
Océanie Tuvalu
100%
Amérique Antigua et Barbuda
67%
Amérique Bahamas
67%
Amérique Barbade
67%
Afrique Comores
67%
Amérique Costa Rica
67%
Afrique Côte d'Ivoire
67%
Afrique Gabon
67%
Amérique Grenade
67%
Afrique Guinée
67%
Afrique Guinée-Bissau
67%
Afrique Guinée équatoriale
67%
Amérique Haïti
67%
Océanie îles Marshall
67%
Asie Jordanie
67%
Afrique Liberia
67%
Afrique Madagascar
67%
Afrique Mauritanie
67%
Amérique Saint Christophe et Nièves
67%
Amérique Sainte Lucie
67%
Amérique Saint Vincent et les Grenadines
67%
Afrique Sao Tomé et Principe
67%
Afrique Sénégal
67%
Afrique Sierra Leone
67%
Asie Syrie
67%
Afrique Togo
67%
Asie Yemen
67%
Asie Cambodge
33%
Asie Timor Oriental
33%
Aucun quiz correspondant
Distribution des résultats
% des personnes avec chaque résultat
Percentile par nombre de réponses
Votre historique - résultats
Vous n’avez pas pris ce quiz depuis la dernière actualisation